[Event "3rd Cambridge Int Open"]
[Site "Cambridge ENG"]
[Date "2025.05.28"]
[Round "4.8"]
[White "Kalavannan, Koby"]
[Black "Ghasi, Ameet K"]
[Result "0-1"]
[WhiteTitle "FM"]
[BlackTitle "GM"]
[WhiteElo "2303"]
[BlackElo "2502"]
[WhiteFideId "425753"]
[BlackFideId "409200"]
[EventDate "2025.05.26"]

1. Nf3 Nf6 2. e3 g6 3. b3 Bg7 4. Bb2 O-O 5. d4 b6 6. Be2 Bb7 7. O-O e6 8. c4 c5
9. Nc3 Na6 10. dxc5 bxc5 11. Rc1 Qe7 12. Qc2 Rfd8 13. Rfd1 Nb4 14. Qb1 d6 15.
Rd2 Ne8 16. a3 Nc6 17. Na2 Rab8 18. Bxg7 Nxg7 19. b4 g5 20. b5 g4 21. Ne1 Ne5
22. e4 f5 23. Nc3 fxe4 24. Nxe4 Nf5 25. Rcd1 Rf8 26. Nxd6 Nxd6 27. Rxd6 Qh4 28.
f4 gxf3 29. Bxf3 Ng4 30. R6d2 Qxh2+ 31. Kf1 Bxf3 32. Nxf3 Qh1+ 33. Ke2 Qxg2+ 0-1

[Event "3rd Cambridge Int Open"]
[Site "Cambridge ENG"]
[Date "2025.05.28"]
[Round "4.9"]
[White "Clarke, Brandon G I"]
[Black "Fava, Lorenzo"]
[Result "0-1"]
[WhiteTitle "IM"]
[BlackTitle "FM"]
[WhiteElo "2498"]
[BlackElo "2299"]
[WhiteFideId "400319"]
[BlackFideId "2837434"]
[EventDate "2025.05.26"]

1. e4 e5 2. Nf3 Nc6 3. d4 exd4 4. Bc4 Nf6 5. e5 d5 6. Bb5 Nd7 7. O-O Be7 8. Bxc6
bxc6 9. Nxd4 Nb8 10. Nc3 O-O 11. f4 c5 12. Nde2 c6 13. f5 Nd7 14. Bf4 Re8 15.
Ng3 Bg5 16. Nxd5 cxd5 17. Qxd5 Nb6 18. Qxc5 Bxf4 19. Rxf4 Nd7 20. Qc3 Nxe5 21.
f6 Qb6+ 22. Kh1 Ng6 23. Rd4 Qxf6 24. Nh5 Qe7 25. Rc4 Qf8 26. h3 Be6 27. Ra4 Rec8
28. Qd2 Rc5 29. Ng3 Rd8 30. Qf2 a5 31. Re1 h6 32. b3 Rdc8 33. Re2 Qd6 34. Rd4
Rd5 35. Rde4 Rd1+ 36. Kh2 Rc3 37. R4e3 Rxe3 38. Qxe3 h5 0-1

[Event "3rd Cambridge Int Open"]
[Site "Cambridge ENG"]
[Date "2025.05.28"]
[Round "4.10"]
[White "Cummings, David H."]
[Black "Cuenca Jimenez, Jose Fernando"]
[Result "1/2-1/2"]
[WhiteTitle "IM"]
[BlackTitle "GM"]
[WhiteElo "2249"]
[BlackElo "2495"]
[WhiteFideId "2603578"]
[BlackFideId "2255570"]
[EventDate "2025.05.26"]

1. c4 e6 2. Nf3 d5 3. e3 Nf6 4. Nc3 b6 5. cxd5 exd5 6. g3 Bb7 7. Bg2 Nbd7 8. O-O
a6 9. b3 Bd6 10. Bb2 Qe7 11. Re1 O-O 12. d3 c5 13. d4 Rfd8 14. dxc5 bxc5 15. Nh4
Qe6 16. Qc2 Ne4 17. Ne2 g5 18. Nf3 h6 19. Nc3 f5 20. Nd2 Rac8 21. Rad1 Be5 22.
f3 Nxc3 23. Bxc3 Bxc3 24. Qxc3 Ne5 25. f4 Ng4 26. fxg5 Re8 27. gxh6 Qxh6 28. Nf1
Qe6 29. Qc2 Ba8 30. Qd3 Ne5 31. Qe2 c4 32. Rd4 c3 33. Rc1 Re7 34. Qd1 Rd7 35.
Rc2 Bb7 36. Qh5 Rh7 37. Qd1 Rd7 38. Qh5 a5 39. Rh4 Ng6 40. Rd4 Rc5 41. Bh3 Rf7
42. Rd3 Qf6 43. Rd4 Ba6 44. Bg2 Kg7 45. Bxd5 Rd7 46. Qd1 Bxf1 47. Kxf1 Re7 48.
Rd3 Ne5 49. Rdxc3 Rxc3 50. Rxc3 Ng4 51. Qd2 Nxh2+ 52. Kg1 Ng4 53. Bf3 Ne5 54.
Bg2 Rd7 55. Qc2 Qg5 56. Rc7 Qxe3+ 57. Kf1 Qd4 58. Rxd7+ Qxd7 59. Qc3 Kf6 60. Bf3
Qd6 61. Be2 Qd5 62. Kf2 Kg6 63. a3 Kf6 64. b4 axb4 65. axb4 Qh1 66. b5 Qh2+ 67.
Ke1 Qg1+ 68. Kd2 Qf2 69. Kd1 Qg1+ 70. Kd2 Qf2 71. Kd1 1/2-1/2

[Event "3rd Cambridge Int Open"]
[Site "Cambridge ENG"]
[Date "2025.05.28"]
[Round "4.11"]
[White "Wadsworth, Matthew J"]
[Black "Nawalaniec, Adam"]
[Result "1/2-1/2"]
[WhiteTitle "IM"]
[BlackTitle "CM"]
[WhiteElo "2484"]
[BlackElo "2211"]
[WhiteFideId "415804"]
[BlackFideId "21023786"]
[EventDate "2025.05.26"]

1. Nf3 d5 2. g3 Nf6 3. Bg2 e6 4. O-O Be7 5. c4 O-O 6. d4 dxc4 7. Qa4 a6 8. Qxc4
b5 9. Qc2 Bb7 10. Bf4 Nc6 11. Rd1 Rc8 12. a3 Nd5 13. Nc3 Na5 14. b4 Nc4 15. Ne5
Nxc3 16. Bxb7 Nxd1 17. Rxd1 Rb8 18. Nxc4 Rxb7 19. Na5 Rb8 20. Nc6 Qd7 21. Nxb8
Rxb8 22. Qxc7 Qxc7 23. Bxc7 Rc8 24. Bb6 Rc3 25. Bc5 Kf8 26. Ra1 Ke8 27. Kf1 Rb3
28. Ke1 Rb2 29. h4 h5 30. Kd1 Kd7 31. Rc1 Rb3 32. Ra1 Rb2 33. Ke1 Bd6 34. e4 g6
35. Kf1 Rb3 36. Ke2 Rb2+ 37. Ke1 Be7 38. d5 exd5 39. exd5 Bf6 40. Rd1 Bc3+ 41.
Kf1 Rd2 42. Re1 Bf6 43. d6 Rd5 44. f4 Rd3 45. Kg2 Rxa3 46. f5 gxf5 47. Rf1 Be5
48. Rxf5 f6 49. Rxh5 Rxg3+ 50. Kf2 Rg7 51. Kf3 Ke6 52. Rh8 Bxd6 53. Bxd6 Kxd6
54. h5 Ke6 55. h6 Rd7 56. Ke4 f5+ 57. Ke3 Kf6 58. Ra8 Kg5 59. Rxa6 f4+ 60. Ke4
Re7+ 61. Kf3 Re3+ 62. Kg2 Re2+ 63. Kf3 Re3+ 64. Kg2 Re2+ 1/2-1/2

[Event "3rd Cambridge Int Open"]
[Site "Cambridge ENG"]
[Date "2025.05.28"]
[Round "4.12"]
[White "Murawski, Jan"]
[Black "Camacho Collados, Marcos"]
[Result "0-1"]
[WhiteTitle "CM"]
[BlackTitle "IM"]
[WhiteElo "2191"]
[BlackElo "2462"]
[WhiteFideId "21009287"]
[BlackFideId "2266237"]
[EventDate "2025.05.26"]

1. d4 Nf6 2. c4 e6 3. Nf3 b6 4. g3 Bb4+ 5. Nbd2 Bb7 6. Bg2 O-O 7. O-O Re8 8. a3
Bxd2 9. Nxd2 Bxg2 10. Kxg2 d6 11. e4 e5 12. d5 a5 13. b3 Na6 14. Bb2 c6 15. f3
cxd5 16. cxd5 b5 17. Qe2 Qb6 18. Rfc1 Rec8 19. a4 b4 20. Nc4 Qd8 21. Rc2 h6 22.
Rac1 Rc7 23. Nxd6 Nxd5 24. Rxc7 Ndxc7 25. Bxe5 Ne6 26. Rd1 Qf8 27. Nf5 Qe8 28.
Qb2 Qf8 29. Rd5 Nac7 30. Rd7 Ne8 31. Qd2 Ra6 32. Qd5 Qc5 33. Qxc5 Nxc5 34. Rd8
Re6 35. Bb2 Kh7 36. Nd4 Re7 37. Nc6 Rc7 38. Nxa5 Nf6 39. Bxf6 gxf6 40. Rb8 Na6
41. Rb6 Rc2+ 42. Kg1 Nc5 43. Rxb4 Rc1+ 44. Kg2 Rc2+ 45. Kf1 Nd3 46. Rd4 Rf2+ 47.
Kg1 Rxf3 48. Nc4 Nc1 49. Kg2 Rxb3 50. Nd6 Rb2+ 51. Kh3 Ne2 52. Rd5 Ng1+ 53. Kg4
Rxh2 54. a5 Kg6 55. Nf5 Re2 56. Kf4 Nh3+ 57. Kg4 Ng5 58. Nh4+ Kg7 59. Nf5+ Kh7
60. Nd6 Kg6 61. Rd4 Rf2 0-1

[Event "3rd Cambridge Int Open"]
[Site "Cambridge ENG"]
[Date "2025.05.28"]
[Round "4.13"]
[White "Ladron De Guevara Pinto, Paolo"]
[Black "Pozzari, Simone"]
[Result "1-0"]
[WhiteTitle "IM"]
[BlackTitle "FM"]
[WhiteElo "2419"]
[BlackElo "2171"]
[WhiteFideId "2290847"]
[BlackFideId "2831282"]
[EventDate "2025.05.26"]

1. e4 e5 2. Nf3 Nc6 3. Bb5 a6 4. Ba4 Nf6 5. d3 b5 6. Bb3 Bc5 7. Bg5 h6 8. Bh4 d6
9. c3 g5 10. Bg3 Bb6 11. a4 Rb8 12. axb5 axb5 13. Na3 Ne7 14. Nxb5 Ng6 15. Na3
Nf4 16. Kf1 Bg4 17. Nc4 Kf8 18. Bc2 N6h5 19. h3 Be6 20. Nfd2 Qf6 21. Bxf4 Nxf4
22. Nxb6 cxb6 23. Kg1 Rg8 24. Nf1 g4 25. h4 Nh3+ 26. gxh3 gxh3+ 27. Ng3 Qxh4 28.
Kh2 Qf4 29. Qe2 h5 30. Qe3 Qxe3 31. fxe3 h4 32. Nf5 Rg2+ 33. Kxh3 Rxc2 34. Rh2
Rxh2+ 35. Kxh2 d5 36. Nxh4 dxe4 37. dxe4 Ke7 38. Nf3 Kf6 39. Kg3 b5 40. Rf1 Bc4
41. Rh1 Bd3 42. Rh6+ Kg7 43. Rd6 Bxe4 44. Nxe5 Bf5 45. Kf4 Be6 46. e4 Rb7 47.
Nd3 Bc4 48. Nb4 Ra7 49. Rd1 Ra8 50. Nd5 Ra2 51. Rg1+ Kf8 52. Rg2 Ra1 53. Ke5 Bf1
54. Rg1 Re1 55. Nf6 Ke7 56. Rg8 1-0

[Event "3rd Cambridge Int Open"]
[Site "Cambridge ENG"]
[Date "2025.05.28"]
[Round "4.14"]
[White "Haubro, Martin"]
[Black "Yu, Rock"]
[Result "1-0"]
[WhiteTitle "IM"]
[WhiteElo "2402"]
[BlackElo "2048"]
[WhiteFideId "1414291"]
[BlackFideId "489000"]
[EventDate "2025.05.26"]

1. e4 e5 2. Nf3 Nf6 3. Nc3 Nc6 4. Bb5 Bc5 5. O-O O-O 6. d3 d6 7. Na4 Nd4 8. Nxd4
Bxd4 9. c3 a6 10. cxd4 axb5 11. Nc3 c6 12. Ne2 h6 13. h3 Qe7 14. Be3 Rd8 15. a3
exd4 16. Bxd4 c5 17. Bc3 Bd7 18. Qd2 Bc6 19. Ng3 Qe6 20. Rae1 Ne8 21. d4 cxd4
22. Bxd4 b4 23. Qxb4 Ra4 24. Qb6 Rda8 25. Rd1 R8a6 26. Qd8 f6 27. Bc3 Bb5 28.
Rfe1 Rc4 29. Nf5 Kf7 30. Nd4 Qe5 31. Nxb5 Qxb5 32. e5 fxe5 33. Bxe5 Qc6 34. Bc3 1-0

[Event "3rd Cambridge Int Open"]
[Site "Cambridge ENG"]
[Date "2025.05.28"]
[Round "4.15"]
[White "Fernandez Garcia, Jose Miguel"]
[Black "Shearsby, Jude"]
[Result "1-0"]
[WhiteTitle "IM"]
[BlackTitle "CM"]
[WhiteElo "2365"]
[BlackElo "2133"]
[WhiteFideId "22200070"]
[BlackFideId "462527"]
[EventDate "2025.05.26"]

1. e4 c5 2. Nf3 d6 3. d4 cxd4 4. Nxd4 Nf6 5. Nc3 g6 6. Be3 Bg7 7. f3 O-O 8. Qd2
Nc6 9. Nb3 Be6 10. O-O-O Ne5 11. Kb1 Rc8 12. Be2 a6 13. h4 h5 14. Bd4 Qc7 15. g4
Nc4 16. Bxc4 Qxc4 17. gxh5 Nxh5 18. Rhg1 b5 19. Rg5 Bxd4 20. Nxd4 Rc5 21. Nxe6
Qxe6 22. Nd5 Kh7 23. Rdg1 Rg8 24. Qg2 Rcc8 25. f4 Nf6 26. f5 Qd7 27. fxg6+ fxg6
28. Rxg6 Qe8 29. Rg7+ Kh8 30. Qg5 1-0

[Event "3rd Cambridge Int Open"]
[Site "Cambridge ENG"]
[Date "2025.05.28"]
[Round "4.16"]
[White "Wells, Peter K"]
[Black "Varnam, Liam D"]
[Result "1/2-1/2"]
[WhiteTitle "GM"]
[WhiteElo "2350"]
[BlackElo "2022"]
[WhiteFideId "400327"]
[BlackFideId "410950"]
[EventDate "2025.05.26"]

1. Nf3 Nf6 2. c4 c5 3. Nc3 e6 4. g3 d5 5. cxd5 exd5 6. d4 Nc6 7. Bg2 c4 8. O-O
Be7 9. Ne5 O-O 10. b3 cxb3 11. Nxc6 bxc6 12. axb3 Qb6 13. Ba3 Bxa3 14. Rxa3 Qb4
15. Qa1 a5 16. Rc1 Re8 17. e3 Bf5 18. Qa2 Bd3 19. Ra4 Qb7 20. Rd1 Bf5 21. Ra1
Rab8 22. Rxa5 Qxb3 23. Qxb3 Rxb3 24. Rc5 Bd7 25. Ra7 Reb8 26. h3 R3b7 27. Rxb7
Rxb7 28. g4 h6 29. Bf3 Ra7 30. Kg2 Kf8 31. h4 Ke7 32. Kg3 g5 33. hxg5 1/2-1/2

[Event "3rd Cambridge Int Open"]
[Site "Cambridge ENG"]
[Date "2025.05.28"]
[Round "4.17"]
[White "Lebedev, Lion"]
[Black "Keerthi Kumar, Advait"]
[Result "1-0"]
[WhiteElo "1996"]
[BlackElo "1823"]
[WhiteFideId "551005492"]
[BlackFideId "498033"]
[EventDate "2025.05.26"]

1. e4 c5 2. Nf3 Nf6 3. e5 Nd5 4. Nc3 Nc7 5. Bc4 Nc6 6. O-O g6 7. d3 Bg7 8. Bf4
O-O 9. Re1 b6 10. a4 Bb7 11. Bg3 Rc8 12. Ne4 Ne6 13. c3 Qc7 14. Nf6+ Kh8 15. Nd5
Qd8 16. Ba2 a6 17. Qb3 b5 18. axb5 Na5 19. Qa4 axb5 20. Qxb5 Bc6 21. Qb6 Qxb6
22. Nxb6 Rb8 23. Nxd7 Bxd7 24. Bxe6 Bxe6 25. Rxa5 c4 26. d4 Rxb2 27. d5 Bf5 28.
Nd4 Bd3 29. h3 Rb7 30. Rea1 h5 31. Ra7 Rfb8 32. Nc6 Rb1+ 33. Rxb1 Rxb1+ 34. Kh2
Rb5 35. d6 exd6 36. exd6 Bxc3 37. d7 Bf6 38. d8=Q+ Bxd8 39. Nxd8 c3 40. Nxf7+
Kg8 41. Nh6+ Kf8 42. Bd6+ Ke8 43. Re7+ Kd8 44. Nf7+ 1-0

[Event "3rd Cambridge Int Open"]
[Site "Cambridge ENG"]
[Date "2025.05.28"]
[Round "4.18"]
[White "Kaushik, Madhav"]
[Black "Dierssen Garcia-Barredo, Guiller"]
[Result "0-1"]
[WhiteElo "1779"]
[BlackElo "1979"]
[WhiteFideId "499986"]
[BlackFideId "22298274"]
[EventDate "2025.05.26"]

1. e4 e6 2. d4 d5 3. e5 c5 4. c3 Qb6 5. Nf3 Nc6 6. a3 c4 7. Nbd2 Na5 8. Rb1 Bd7
9. h4 Qc7 10. Rh3 O-O-O 11. b4 cxb3 12. Nxb3 Ba4 13. Nfd2 Ne7 14. Qg4 Nec6 15.
Bd3 h5 16. Qe2 Be7 17. Bc2 g5 18. hxg5 Bxg5 19. Nf3 Bxc1 20. Nxc1 Bxc2 21. Qxc2
Nc4 22. Qa4 Rdg8 23. Ne2 Qe7 24. Nf4 h4 25. Qd1 Qxa3 26. Nxh4 Rxh4 27. Rxh4
Qxc3+ 28. Kf1 Nd2+ 29. Kg1 Nxb1 30. Qxb1 Nxd4 31. Rh3 Qd2 32. Qh7 Qc1+ 33. Kh2
Qxf4+ 34. Rg3 Rg6 0-1

[Event "3rd Cambridge Int Open"]
[Site "Cambridge ENG"]
[Date "2025.05.28"]
[Round "4.19"]
[White "Goh, Jinghan Cameron"]
[Black "Iyengar, Ilya"]
[Result "0-1"]
[WhiteElo "2186"]
[BlackElo "1979"]
[WhiteFideId "5804540"]
[BlackFideId "405949"]
[EventDate "2025.05.26"]

1. e4 c5 2. Nf3 e6 3. d4 cxd4 4. Nxd4 Nf6 5. Nc3 d6 6. g4 Nc6 7. Rg1 a6 8. Be3
Qc7 9. f4 h5 10. h3 hxg4 11. hxg4 Rh2 12. g5 Nxd4 13. Bxd4 Nd7 14. Bg2 Qc4 15.
Qd2 b5 16. b3 Qc7 17. O-O-O Bb7 18. Rh1 Rxh1 19. Rxh1 O-O-O 20. Kb2 b4 21. Na4
e5 22. Be3 a5 23. Rd1 Bc6 24. Bh3 Bxa4 25. bxa4 Kb8 26. Qe2 Qc6 27. Rd5 exf4 28.
Rb5+ Kc7 29. Bxf4 Nc5 0-1

[Event "3rd Cambridge Int Open"]
[Site "Cambridge ENG"]
[Date "2025.05.28"]
[Round "4.20"]
[White "Udovenko, Daniel"]
[Black "Patel, Keatan"]
[Result "1-0"]
[WhiteElo "2160"]
[BlackElo "1958"]
[WhiteFideId "30957508"]
[BlackFideId "477613"]
[EventDate "2025.05.26"]

1. d4 d5 2. c4 e6 3. Nc3 c6 4. e3 Nf6 5. Nf3 Nbd7 6. Be2 Bd6 7. O-O O-O 8. b3 b6
9. Bb2 Bb7 10. Qc2 Rc8 11. e4 e5 12. exd5 cxd5 13. Nb5 Bb8 14. Nxe5 a6 15. Na3
dxc4 16. bxc4 b5 17. Qd1 Re8 18. cxb5 axb5 19. Bxb5 Nxe5 20. dxe5 Bxe5 21. Qxd8
Rcxd8 22. Rab1 Be4 23. Bxe8 Bxb1 24. Bxe5 Rxe8 25. Rxb1 Rxe5 26. Rb8+ Ne8 27. f4
Re6 28. Nb5 Kf8 29. Nc7 Re7 30. Rxe8+ Rxe8 31. Nxe8 Kxe8 32. Kf2 Kd7 33. Ke3 Kc6
34. Kd4 Kd6 35. g4 f6 36. h4 Kc6 37. h5 Kd6 38. Ke4 g6 39. hxg6 hxg6 40. Kd4 Kc6
41. g5 fxg5 42. fxg5 Kd6 43. a4 Ke6 44. Ke4 Kd6 45. a5 Kc6 46. Ke5 Kb5 47. Kf6
Kxa5 48. Kxg6 1-0

[Event "3rd Cambridge Int Open"]
[Site "Cambridge ENG"]
[Date "2025.05.28"]
[Round "4.21"]
[White "Hanache, Kai"]
[Black "Keohane, Ben"]
[Result "1/2-1/2"]
[WhiteElo "2149"]
[BlackElo "1926"]
[WhiteFideId "490105"]
[BlackFideId "433950"]
[EventDate "2025.05.26"]

1. e4 e6 2. d4 b6 3. Nf3 Bb7 4. Bd3 c5 5. c3 Nf6 6. Qe2 Be7 7. O-O O-O 8. e5 Ne8
9. dxc5 f5 10. exf6 Nxf6 11. cxb6 Qxb6 12. Ne5 Nc6 13. Nxc6 Qxc6 14. f3 Bc5+ 15.
Be3 Ng4 16. Bxc5 Qxc5+ 17. Kh1 Ne3 18. Qf2 Qg5 19. Rg1 Rf6 20. Nd2 Qf4 21. g3
Qxf3+ 22. Qxf3 Rxf3 23. Be4 Bxe4 24. Nxe4 d5 25. Ng5 Rf2 26. Rae1 Ng4 27. Rg2
Raf8 28. h3 Rf1+ 29. Rg1 Nf2+ 30. Kg2 Rxg1+ 31. Kxg1 Nd3 32. Rxe6 h6 33. Re3
Nxb2 34. Ne6 Re8 35. Re2 1/2-1/2

[Event "3rd Cambridge Int Open"]
[Site "Cambridge ENG"]
[Date "2025.05.28"]
[Round "4.22"]
[White "Khoury, Theo"]
[Black "De Coverly, Roger D"]
[Result "1/2-1/2"]
[WhiteTitle "CM"]
[WhiteElo "2143"]
[BlackElo "1918"]
[WhiteFideId "480703"]
[BlackFideId "405213"]
[EventDate "2025.05.26"]

1. e4 e5 2. Nf3 Nc6 3. Bc4 Nf6 4. d3 Be7 5. O-O O-O 6. Bb3 d6 7. c3 Na5 8. Bc2
c5 9. Re1 a6 10. Nbd2 b5 11. Nf1 Re8 12. h3 h6 13. d4 Qc7 14. b3 Nc6 15. d5 Nb8
16. Be3 Nbd7 17. Qd2 Bf8 18. g4 Nh7 19. Ng3 Ndf6 20. Nh4 Kh8 21. Nhf5 Ng8 22. h4
g6 23. Nxh6 Nxh6 24. Bxh6 Bxg4 25. Bxf8 Rxf8 26. Qh6 Qe7 27. Bd1 Bxd1 28. Raxd1
Qf6 29. h5 Qg5 30. Qxg5 Nxg5 31. Kg2 Kg7 32. f3 Rh8 33. Rh1 Raf8 34. a4 f5 35.
exf5 gxf5 36. axb5 f4 37. Ne4 Nxe4 38. fxe4 axb5 39. Kf3 Kh6 40. b4 c4 41. Ra1
Rhg8 42. Ra6 Rg3+ 43. Kf2 Rf6 44. Rb6 Rxc3 45. Rxb5 f3 46. Re1 Kxh5 47. Rb8 Kg4
48. Rh8 Rc2+ 49. Ke3 Rg6 50. b5 Rc3+ 51. Kf2 Rc2+ 1/2-1/2

[Event "3rd Cambridge Int Open"]
[Site "Cambridge ENG"]
[Date "2025.05.28"]
[Round "4.23"]
[White "Smart, Michael R"]
[Black "Willow, Jonah B"]
[Result "0-1"]
[BlackTitle "IM"]
[WhiteElo "1914"]
[BlackElo "2478"]
[WhiteFideId "411370"]
[BlackFideId "438804"]
[EventDate "2025.05.26"]

1. e4 e5 2. d4 exd4 3. c3 Qe7 4. Qxd4 f5 5. f3 Nc6 6. Qe3 fxe4 7. fxe4 Nf6 8.
Bd3 Ne5 9. Bc2 d5 10. exd5 Nxd5 11. Qe4 Bf5 0-1

[Event "3rd Cambridge Int Open"]
[Site "Cambridge ENG"]
[Date "2025.05.28"]
[Round "4.24"]
[White "Hutchinson, Paul A"]
[Black "McMahon, Paul"]
[Result "1/2-1/2"]
[WhiteElo "2054"]
[BlackElo "1911"]
[WhiteFideId "411558"]
[BlackFideId "408212"]
[EventDate "2025.05.26"]

1. d4 Nf6 2. Nf3 d5 3. Bf4 c5 4. e3 Nc6 5. c3 Qb6 6. Qb3 c4 7. Qc2 Bf5 8. Qc1 e6
9. Nbd2 Be7 10. h3 h6 11. Be2 O-O 12. Ne5 Nxe5 13. Bxe5 Nd7 14. Bh2 Bd6 15. Bxd6
Qxd6 16. e4 Bg6 17. e5 Qe7 18. O-O f6 19. f4 fxe5 20. fxe5 Rxf1+ 21. Nxf1 Rf8
22. Qe3 Qh4 23. Nd2 Nb6 24. b3 cxb3 25. axb3 a6 26. Rf1 Rxf1+ 27. Bxf1 Nc8 28.
Kh2 Qd8 29. b4 Qf8 30. Be2 Ne7 31. Nb3 Qc8 32. Nc5 Nc6 33. Qf2 Nb8 34. c4 b6 35.
Na4 dxc4 36. Nxb6 Qb7 37. Nxc4 Qxb4 38. Nd6 Qd2 39. Qg3 Qxd4 40. Bc4 Bf7 41. Bd3
g5 42. Ne4 Nc6 43. Nf6+ Kg7 44. Bxa6 Qxe5 45. Ng4 1/2-1/2

[Event "3rd Cambridge Int Open"]
[Site "Cambridge ENG"]
[Date "2025.05.28"]
[Round "4.25"]
[White "Lazarus, Simon E"]
[Black "Badacsonyi, Stanley"]
[Result "0-1"]
[BlackTitle "FM"]
[WhiteElo "1874"]
[BlackElo "2289"]
[WhiteFideId "343408451"]
[BlackFideId "486973"]
[EventDate "2025.05.26"]

1. d4 Nf6 2. c4 g6 3. Nc3 Bg7 4. e4 d6 5. Be2 O-O 6. Bg5 c5 7. d5 e6 8. Nf3 h6
9. Bf4 exd5 10. cxd5 b5 11. Bxb5 Nxe4 12. O-O Bxc3 13. bxc3 Nxc3 14. Qb3 Nxb5
15. Qxb5 g5 16. Bg3 Ba6 17. Qb2 Bxf1 18. Rxf1 Nd7 19. Bxd6 Re8 20. Bg3 Qf6 21.
Qb5 Qf5 22. d6 Rab8 23. Qa4 Qd3 24. Ne1 Qb5 25. Qg4 Nf6 26. Qf5 Qb1 27. Qxb1
Rxb1 28. f3 Nh5 29. Bf2 Nf4 30. d7 Rd8 31. Bxc5 Rxd7 0-1

[Event "3rd Cambridge Int Open"]
[Site "Cambridge ENG"]
[Date "2025.05.28"]
[Round "4.26"]
[White "Majeed, Haroon"]
[Black "Walley, A Clive"]
[Result "1-0"]
[WhiteElo "1999"]
[BlackElo "1871"]
[WhiteFideId "343401902"]
[BlackFideId "453404"]
[EventDate "2025.05.26"]

1. e4 c5 2. Nf3 Nc6 3. d4 cxd4 4. Nxd4 Nf6 5. Nc3 e5 6. Ndb5 d6 7. Bg5 a6 8. Na3
b5 9. Bxf6 gxf6 10. Nd5 f5 11. g3 Bg7 12. Bg2 Rb8 13. exf5 Bxf5 14. Ne3 Ne7 15.
Nxf5 Nxf5 16. Qg4 Qf6 17. Bc6+ Ke7 18. Be4 Nd4 19. c3 Ne6 20. Nc2 Qg5 21. Qf3
Nc5 22. Nb4 Rbe8 23. h4 Qh6 24. O-O Nxe4 25. Qxe4 Ra8 26. Qb7+ Ke6 27. Nd5 Rab8
28. Qe7+ Kxd5 29. Qd7 Qe6 30. Rad1+ Ke4 31. Rd4+ exd4 32. Re1+ Kd5 33. Rxe6 fxe6
34. Qxg7 dxc3 35. Qxc3 Rbc8 36. Qd3+ Kc6 37. Qe4+ Kc7 38. Qxe6 Rhd8 39. Qe3 Ra8
40. Qe4 Rh8 41. b4 Rad8 42. Qd4 Kb7 43. g4 d5 44. f4 Rhg8 45. f5 h5 46. g5 Rge8
47. g6 Re4 48. Qxe4 dxe4 49. f6 Rd6 50. g7 Rxf6 51. g8=Q Rc6 52. Qh7+ Kb6 53.
Qxh5 Rc4 54. a3 a5 55. Qg6+ Kc7 56. bxa5 Rc1+ 57. Kf2 e3+ 58. Kxe3 Rc3+ 59. Kd2
Rxa3 60. Qf7+ Kc6 61. Qe6+ Kc5 62. Qe7+ 1-0

[Event "3rd Cambridge Int Open"]
[Site "Cambridge ENG"]
[Date "2025.05.28"]
[Round "4.27"]
[White "Pai, Sidhanth"]
[Black "Pick, Freddie"]
[Result "1/2-1/2"]
[WhiteElo "1832"]
[BlackElo "1997"]
[WhiteFideId "343111937"]
[BlackFideId "343454097"]
[EventDate "2025.05.26"]

1. d4 Nf6 2. Nf3 g6 3. c4 Bg7 4. Nc3 O-O 5. e4 d6 6. Be2 Na6 7. O-O e5 8. d5 Nc5
9. Qc2 a5 10. Ne1 Nfd7 11. Be3 f5 12. f3 f4 13. Bf2 g5 14. Nd3 Nxd3 15. Qxd3 Rf6
16. a3 Rg6 17. c5 h5 18. cxd6 cxd6 19. Nb5 g4 20. fxg4 hxg4 21. Rfc1 Nc5 22.
Rxc5 dxc5 23. Rc1 b6 24. d6 Ba6 25. Qd5+ Kh7 26. Rd1 Qf8 27. d7 Rd8 28. Bf1 Qe7
29. g3 Qe6 30. Qxe6 Rxe6 31. Nc7 Re7 32. Bxa6 Rexd7 33. Nd5 Rd6 34. Be1 1/2-1/2

[Event "3rd Cambridge Int Open"]
[Site "Cambridge ENG"]
[Date "2025.05.28"]
[Round "4.28"]
[White "Pert, Max"]
[Black "Anjulan, Ashwin"]
[Result "1-0"]
[WhiteTitle "FM"]
[WhiteElo "2290"]
[BlackElo "1826"]
[WhiteFideId "456845"]
[BlackFideId "343411622"]
[EventDate "2025.05.26"]

1. d4 Nf6 2. Bg5 d5 3. e3 Bf5 4. Bxf6 exf6 5. Bd3 Bg6 6. Nf3 Nd7 7. O-O Bd6 8.
Re1 f5 9. Nbd2 Nf6 10. c4 O-O 11. cxd5 Ne4 12. Qb3 Qe7 13. Nc4 Bb4 14. Rf1 Bd6
15. Qc2 Bh5 16. Be2 Bxf3 17. Bxf3 Rfe8 18. Rac1 Rac8 19. g3 g6 20. Bxe4 fxe4 21.
Nxd6 Qxd6 22. Qb3 Qb6 23. Rc3 Red8 24. Rfc1 Rd7 25. Qc2 f5 26. Rc5 Qd6 27. Qc4
a6 28. Qb3 Rb8 29. Rc6 bxc6 30. Qxb8+ Kg7 31. Rxc6 Qe7 32. Rxa6 f4 33. Re6 Qg5
34. Rxe4 fxe3 35. Rxe3 Qxd5 36. Qe8 Qxd4 37. Qe5+ 1-0

[Event "3rd Cambridge Int Open"]
[Site "Cambridge ENG"]
[Date "2025.05.28"]
[Round "4.29"]
[White "Jacobs, Simon"]
[Black "Cole, James"]
[Result "0-1"]
[WhiteElo "1736"]
[BlackElo "1972"]
[WhiteFideId "343440673"]
[BlackFideId "431818"]
[EventDate "2025.05.26"]

1. e4 d6 2. d4 Nf6 3. Nc3 e5 4. Nf3 Nbd7 5. Rg1 c6 6. g4 h6 7. g5 hxg5 8. Bxg5
exd4 9. Qxd4 Qb6 10. O-O-O Qxd4 11. Rxd4 Ne5 12. Nxe5 dxe5 13. Rd2 Rxh2 14. Bc4
Be7 15. f3 Rxd2 16. Kxd2 g6 17. Be3 b6 18. Nd1 Bb4+ 19. Ke2 Ke7 20. Nf2 Be6 21.
Bxe6 Kxe6 22. Nd3 Bd6 23. Rh1 Nh5 24. Rg1 Rh8 25. Kf2 Nf4 26. Bxf4 exf4 27. Re1
Rh2+ 28. Kg1 Rxc2 29. e5 Bc5+ 30. Nxc5+ Rxc5 0-1

[Event "3rd Cambridge Int Open"]
[Site "Cambridge ENG"]
[Date "2025.05.28"]
[Round "4.30"]
[White "Sowray, Peter J"]
[Black "Alldritt, Nigel R E"]
[Result "1-0"]
[WhiteTitle "FM"]
[WhiteElo "2219"]
[BlackElo "1952"]
[WhiteFideId "400971"]
[BlackFideId "404543"]
[EventDate "2025.05.26"]

1. d4 Nf6 2. Bf4 g6 3. Nc3 d6 4. e4 c6 5. Qd2 Nbd7 6. O-O-O Qc7 7. Nf3 Bg7 8.
Bh6 O-O 9. h4 Bxh6 10. Qxh6 Ng4 11. Qd2 h5 12. Ng5 Kg7 13. f3 Nh6 14. g4 Nf6 15.
gxh5 Nxh5 16. Bc4 b5 17. Bb3 a5 18. a4 Ba6 19. Bxf7 1-0